Fr. Conceicao Rodrigues College of Engineering

8051 Microcontroller architecture (Record no. 19802)

MARC details
000 -LEADER
fixed length control field 00363nam a2200169Ia 4500
082 ## - DEWEY DECIMAL CLASSIFICATION NUMBER
Item number MAH
100 ## - MAIN ENTRY--PERSONAL NAME
Personal name Mahalakshmi/M
245 ## - TITLE STATEMENT
Title 8051 Microcontroller architecture
260 ## - PUBLICATION, DISTRIBUTION, ETC.
Name of publisher, distributor, etc. USP
Date of publication, distribution, etc. 2012
366 ## - TRADE AVAILABILITY INFORMATION
Publishers's discount category 20
300 ## - PHYSICAL DESCRIPTION
Extent 218
546 ## - LANGUAGE NOTE
Language note ENGLISH
-- PAMPHALETS
650 ## - SUBJECT ADDED ENTRY--TOPICAL TERM
Topical term or geographic name entry element Microcontroller
654 ## - SUBJECT ADDED ENTRY--FACETED TOPICAL TERMS
Focus term 8051 mcirocontroller
942 ## - ADDED ENTRY ELEMENTS (KOHA)
Koha item type BOOK
Holdings
Withdrawn status Lost status Damaged status Not for loan Collection Home library Current library Date acquired Source of acquisition Cost, normal purchase price Inventory number Total Checkouts Full call number Barcode Date last seen Cost, replacement price Price effective from Koha item type
        CRC Fr. Agnel's C.Rodrigues College of Engineering Fr. Agnel's C.Rodrigues College of Engineering 17/03/2023 Allied Publisher 140.00 1258 dt 30.12.2015   MAH 23961 17/03/2023 175.00   BOOK